000
00300nam a2200121Ia 4500
008
220214s9999 xx 000 0 und d
022
_a
0032-3896
245
0
_a
Polymer Journal
260
_b
Society of Polymer Science
_a
Japan
310
_a
M
500
_a
Ending Volume & Year: 20, 1988
942
_c
BJ
999
_c
14709
_d
14709